Statistiques concernant Titulaires NBA 2020

Cliquez ici pour prendre le quiz!

Statistiques générales

  • Ce quiz a été pris 277 fois
  • Le résultat moyen est 72 sur 150

Statistiques - réponses

PosteJoueurs% Correct
AILeBron James
96%
MJStephen Curry
94%
ASeth Curry
93%
AFAnthony Davis
89%
AKlay Thompson
87%
ADanny Green
86%
AFDraymond Green
86%
AJames Harden
84%
AFKawhi Leonard
83%
MJLuka Doncic
83%
AFKevin Durant
82%
AIPaul George
82%
PNikola Jokic
81%
AFGiannis Antetokounmpo
80%
AFJayson Tatum
80%
PJoel Embiid
80%
MJKyrie Irving
80%
MJRussell Westbrook
80%
MJChris Paul
79%
MJJamal Murray
77%
AJaylen Brown
77%
PRudy Gobert
77%
MJDejounte Murray
76%
MJJa Morant
76%
ADonovan Mitchell
75%
MJTrae Young
75%
MJDamian Lillard
74%
AJimmy Butler
74%
MJBen Simmons
73%
ADevin Booker
73%
AIDeMar DeRozan
71%
AIKhris Middleton
71%
AFZion Williamson
71%
MJKyle Lowry
69%
MJLonzo Ball
68%
PBam Adebayo
67%
ABradley Beal
67%
AEvan Fournier
67%
AGary Harris
67%
AIJoe Harris
67%
AITobias Harris
67%
PBrook Lopez
66%
PKarl-Anthony Towns
66%
PClint Capela
65%
AJrue Holiday
64%
AFPascal Siakam
64%
AZach LaVine
64%
AFAaron Gordon
63%
AC.J. McCollum
63%
AIEric Gordon
63%
AIAndrew Wiggins
62%
AFKristaps Porzingis
61%
PNikola Vucevic
61%
AFDomantas Sabonis
60%
AFJaren Jackson Jr.
60%
MJD'Angelo Russell
59%
MJDe'Aaron Fox
59%
PDeAndre Ayton
59%
AIBrandon Ingram
58%
PJarrett Allen
58%
MJKemba Walker
58%
AFAl Horford
56%
AShai Gilgeous-Alexander
56%
PSteven Adams
55%
MJJohn Wall
54%
AIBojan Bogdanovic
53%
MJMike Conley
53%
AFJohn Collins
52%
PJusuf Nurkic
52%
AFBlake Griffin
51%
PIvica Zubac
50%
MJDerrick Rose
49%
AIDuncan Robinson
49%
AIOtto Porter Jr.
49%
PP.J. Tucker
49%
PJonas Valanciunas
48%
AFKevin Love
48%
PMitchell Robinson
48%
MJDarius Garland
47%
ADerrick White
47%
AFJulius Randle
47%
PAndre Drummond
45%
AFCarmelo Anthony
44%
AIGordon Hayward
44%
PKevon Looney
43%
AIMiles Bridges
43%
ACollin Sexton
42%
ADillon Brooks
42%
MJRajon Rondo
42%
MJEric Bledsoe
41%
MJPatrick Beverley
41%
AFLaMarcus Aldridge
40%
AVictor Oladipo
40%
PMyles Turner
39%
AR.J. Barrett
39%
AFJoe Ingles
38%
PSerge Ibaka
38%
PDwight Powell
37%
MJMalcolm Brogdon
37%
ANorman Powell
37%
MJTerry Rozier
36%
ABuddy Hield
34%
AKevin Huerter
34%
AFLauri Markkanen
33%
ACaris LeVert
31%
PJakob Poeltl
31%
PWendell Carter Jr.
31%
AIDorian Finney-Smith
30%
MJRicky Rubio
30%
PDeMarcus Cousins
29%
AIHarrison Barnes
29%
AIDe'Andre Hunter
28%
MJMarkelle Fultz
28%
AIO.G. Anunoby
28%
AIRui Hachimura
27%
AIKelly Oubre Jr.
26%
AFP.J. Washington
26%
AFRobert Covington
26%
PThomas Bryant
25%
AFDanilo Gallinari
24%
MJKendrick Nunn
23%
AFPaul Millsap
22%
AIT.J. Warren
22%
ADevonte Graham
21%
AFMarvin Bagley
21%
PDaniel Theis
20%
MJElfrid Payton
18%
AICedi Osman
17%
PCody Zeller
17%
ALuke Kennard
17%
AIJonathan Isaac
16%
AIWill Barton
16%
AFDario Saric
15%
AJosh Richardson
15%
AFDavis Bertans
13%
ADonte DiVincenzo
13%
PDerrick Favors
11%
ALandry Shamet
11%
PRichaun Holmes
11%
MJTomas Satoransky
11%
AFKelly Olynyk
10%
AIKevin Knox
10%
AIJosh Okogie
9%
AITerrance Ferguson
9%
AIRodney Hood
8%
AJarrett Culver
7%
AIJustise Winslow
7%
AISekou Doumbouya
7%
PJohn Henson
4%
AFOmari Spellman
1%

Distribution des résultats

Percentile par nombre de réponses

% des personnes avec chaque résultat

Votre développement - résultats

Vous n’avez pas pris ce quiz